Evaluación modificación y normalización de los métodos de ensayo para evaluar las propiedades físicas y mecánicas de la madera
Guardat en:
| Autor principal: | |
|---|---|
| Format: | Llibre |
| Idioma: | Spanish |
| Publicat: |
[San José, Costa Rica] : Universidad de Costa Rica, [Facultad de Ingeniería], Instituto de Investigaciones en Ingeniería, Laboratorio de Productos Forestales
2008
|
| Etiquetes: |
Afegir etiqueta
Sense etiquetes, Sigues el primer a etiquetar aquest registre!
|
MARC
| LEADER | 00000nam a2200000Ia 4500 | ||
|---|---|---|---|
| 003 | PI0169 | ||
| 005 | 20240516091632.0 | ||
| 008 | 140114s2008 cr a 000 ||spa d | ||
| 040 | |c cru CEDI | ||
| 100 | |a Govaere Vicarioli, Georges, 1972- |9 123 | ||
| 245 | |a Evaluación modificación y normalización de los métodos de ensayo para evaluar las propiedades físicas y mecánicas de la madera | ||
| 260 | |b [San José, Costa Rica] : Universidad de Costa Rica, [Facultad de Ingeniería], Instituto de Investigaciones en Ingeniería, Laboratorio de Productos Forestales |c 2008 | ||
| 500 | |a Informe Final No. 731-A4-179 | ||
| 942 | |c PI |h PI-169 |i PI0169 |6 PI_169_PI0169 | ||
| 999 | |c 12571 |d 12571 | ||
